[Event "FIDE TURNIR 2013"]
[Site "Ljubljana"]
[Date "2013.05.29"]
[Round "7.17"]
[White "Bogataj, Tomaz"]
[Black "Malkoc, Tilen"]
[Result "1-0"]
[WhiteElo "1723"]
[BlackElo "1337"]
[PlyCount "97"]
[EventDate "2013.05.29"]

1. d4 d5 2. e3 c5 3. dxc5 e6 4. Nf3 Bxc5 5. c4 Nf6 6. Nc3 Bb4 7. Bd2 Nc6 8. a3
Ba5 9. Be2 Bc7 10. O-O d4 11. exd4 Nxd4 12. Nxd4 Qxd4 13. Nb5 Qc5 14. Be3 Qe5
15. Nxc7+ Qxc7 16. Rc1 O-O 17. Qc2 Bd7 18. Bf3 Bc6 19. Qe2 e5 20. Bxc6 Qxc6 21.
Rfe1 a6 22. Bg5 Rfe8 23. Bxf6 Qxf6 24. Qe4 Qb6 25. b4 Qd4 26. Qxb7 Ra7 27. Qe4
Rae7 28. Qxd4 exd4 29. Rxe7 Rxe7 30. Kf1 Kf8 31. Re1 Ke8 32. Rxe7+ Kxe7 33. Ke2
Ke6 34. Kd3 Ke5 35. a4 f5 36. b5 axb5 37. cxb5 Kd5 38. b6 Kc6 39. a5 Kb7 40. h4
h6 41. f4 h5 42. Kxd4 g6 43. Kc5 Ka6 44. Kc6 Kxa5 45. b7 Ka4 46. b8=Q Ka3 47.
Qb1 Ka4 48. Qb2 Ka5 49. Qb5# 1-0

[Event "FIDE TURNIR 2013"]
[Site "Ljubljana"]
[Date "2013.05.29"]
[Round "7.18"]
[White "Trplan, Filip"]
[Black "Kovacic, Marko"]
[Result "0-1"]
[WhiteElo "1324"]
[BlackElo "1612"]
[PlyCount "52"]
[EventDate "2013.05.29"]

1. e4 e5 2. d4 exd4 3. Qxd4 Nc6 4. Qe3 d6 5. Nc3 a6 6. Bd2 Nf6 7. O-O-O Be7 8.
Qg3 Nh5 9. Qf3 g6 10. Bc4 Ne5 11. Qe2 Bg5 12. Nf3 Bf6 13. Nxe5 Bxe5 14. Qf3 O-O
15. g4 Ng7 16. Bh6 Qh4 17. g5 Bg4 18. Qe3 Bxd1 19. Kxd1 c6 20. Rf1 Qf4 21. h3
d5 22. exd5 Qxc4 23. Re1 Bxc3 24. bxc3 Qxd5+ 25. Ke2 Rfe8 26. Kf1 Qh1+ 0-1

[Event "FIDE TURNIR 2013"]
[Site "Ljubljana"]
[Date "2013.05.29"]
[Round "7.19"]
[White "Novakovic, Gosto"]
[Black "Drobnic, Simona"]
[Result "1-0"]
[WhiteElo "1819"]
[BlackElo "1347"]
[PlyCount "65"]
[EventDate "2013.05.29"]

1. e4 d6 2. d4 Nf6 3. Nc3 Nbd7 4. Bd3 e5 5. Nf3 Be7 6. O-O O-O 7. Ne2 exd4 8.
Nexd4 Nc5 9. Re1 Re8 10. c3 b6 11. Bc2 Bb7 12. e5 dxe5 13. Nxe5 Qd5 14. f3 Bd6
15. c4 Qxe5 16. Rxe5 Bxe5 17. Nf5 Rad8 18. Qf1 g6 19. Ng3 Re7 20. Rb1 Rde8 21.
Bg5 Ncd7 22. b4 Bc3 23. Qd3 Re1+ 24. Rxe1 Rxe1+ 25. Kf2 Bxb4 26. a3 Ba5 27. Ba4
c6 28. Qd6 Re6 29. Qc7 Nc5 30. Bc2 Ba6 31. h4 Bxc4 32. Qd8+ Kg7 33. Bh6+ 1-0

[Event "FIDE TURNIR 2013"]
[Site "Ljubljana"]
[Date "2013.06.04"]
[Round "7.20"]
[White "Straze, Jurij"]
[Black "Drobnic, Rok"]
[Result "1/2-1/2"]
[WhiteElo "1353"]
[BlackElo "1235"]
[PlyCount "84"]
[EventDate "2013.05.29"]

1. e4 d6 2. d4 Nf6 3. Nc3 Nbd7 4. f4 e5 5. dxe5 dxe5 6. fxe5 Nxe5 7. Qxd8+ Kxd8
8. Bf4 Bd6 9. O-O-O Ke7 10. Bg3 Be6 11. Nf3 Nxf3 12. gxf3 Bxg3 13. hxg3 Rad8
14. Be2 Rxd1+ 15. Rxd1 Rd8 16. Rxd8 Kxd8 17. Nb5 a6 18. Nd4 Bd7 19. Bc4 Ke7 20.
Nf5+ Bxf5 21. exf5 Nd7 22. Bd5 c6 23. Be4 f6 24. b4 Kd6 25. f4 b6 26. a4 c5 27.
c3 Kc7 28. Kd2 a5 29. b5 Kd6 30. Kd3 h6 31. Kc4 Nf8 32. Bc6 Nh7 33. g4 Nf8 34.
Kd3 Nh7 35. c4 Nf8 36. Ke4 Nh7 37. Kf3 Nf8 38. Kg3 g6 39. Kh4 g5+ 40. fxg5
hxg5+ 41. Kh5 Ke7 42. Kh6 Kf7 1/2-1/2

[Event "FIDE TURNIR 2013"]
[Site "Ljubljana"]
[Date "2013.05.25"]
[Round "8.1"]
[White "Unuk, Jan"]
[Black "Bratkovic, Jakob"]
[Result "0-1"]
[WhiteElo "1573"]
[BlackElo "1949"]
[PlyCount "68"]
[EventDate "2013.06.05"]

1. d4 d5 2. c4 c6 3. Nf3 Nf6 4. e3 e6 5. Nc3 Nbd7 6. Qc2 Bd6 7. b3 O-O 8. Be2
Re8 9. O-O a6 10. Bb2 b5 11. c5 Bb8 12. b4 Qc7 13. g3 Ra7 14. Nd2 e5 15. f4 e4
16. Kg2 Nf8 17. h3 Qd7 18. Rh1 Ng6 19. a3 Kf8 20. Nd1 Ne7 21. g4 g6 22. Nf2 Qc7
23. g5 Nf5 24. h4 Nxe3+ 25. Kg1 Nxc2 26. Rc1 e3 27. Rxc2 exf2+ 28. Kxf2 Qxf4+
29. Ke1 Ne4 30. Rf1 Qxh4+ 31. Kd1 Nf2+ 32. Kc1 Rxe2 33. Nf3 Rxc2+ 34. Kxc2 Qe4+
0-1

[Event "FIDE TURNIR 2013"]
[Site "Ljubljana"]
[Date "2013.06.05"]
[Round "8.2"]
[White "Sajn, Simon"]
[Black "Cop, Jaka"]
[Result "1-0"]
[WhiteElo "2045"]
[BlackElo "1703"]
[PlyCount "49"]
[EventDate "2013.06.05"]

1. d4 d5 2. c4 c6 3. Nc3 Nf6 4. Nf3 e6 5. Bg5 Nbd7 6. e3 Qa5 7. Qb3 Ne4 8. Bf4
Ndf6 9. c5 Nh5 10. Bd3 Nxf4 11. exf4 Nf6 12. O-O Qc7 13. Ne5 g6 14. Rfe1 Bg7
15. f5 g5 16. Qc2 h5 17. fxe6 Bxe6 18. Nxf7 Kxf7 19. Bg6+ Kf8 20. Rxe6 Ng4 21.
g3 Bxd4 22. Qf5+ Kg7 23. Qxg5 Bf6 24. Rxf6 Nxf6 25. Bxh5+ 1-0

[Event "FIDE TURNIR 2013"]
[Site "Ljubljana"]
[Date "2013.05.25"]
[Round "8.3"]
[White "Unuk, Laura"]
[Black "Bratkovic, Sham"]
[Result "0-1"]
[WhiteElo "2008"]
[BlackElo "1956"]
[PlyCount "146"]
[EventDate "2013.06.05"]

1. d4 d5 2. c4 c6 3. Nf3 e6 4. e3 Nf6 5. Bd3 Nbd7 6. O-O dxc4 7. Bxc4 b5 8. Be2
a6 9. Nc3 Qc7 10. a3 c5 11. Bd2 cxd4 12. Nxd4 Bd6 13. f4 O-O 14. Kh1 Bb7 15.
Bf3 Nc5 16. Be1 Rfd8 17. Bh4 Be7 18. Bxb7 Qxb7 19. Qf3 Qxf3 20. Rxf3 Rac8 21.
Rd1 Kf8 22. Rff1 Nd5 23. Bxe7+ Kxe7 24. Nxd5+ Rxd5 25. Rc1 Kd7 26. Kg1 Nd3 27.
Rxc8 Kxc8 28. b4 Rd7 29. Rd1 Nb2 30. Rc1+ Rc7 31. Rxc7+ Kxc7 32. Kf2 Nc4 33.
Nc2 f5 34. Kf3 Kd6 35. Ke2 Kd5 36. Kd3 g6 37. g3 e5 38. h3 h6 39. fxe5 Kxe5 40.
Nd4 Kd5 41. Ne2 Ne5+ 42. Kd2 Ke4 43. Nf4 Nc4+ 44. Ke2 Nxa3 45. Ne6 Kd5 46. Nc7+
Kc4 47. Nxa6 Nc2 48. Kd2 Nxb4 49. Nc7 Nd5 50. Ne8 b4 51. Nd6+ Kc5 52. Nb7+ Kb6
53. Nd6 Nf6 54. Kc2 Ne4 55. Nc4+ Kc5 56. Ne5 g5 57. g4 fxg4 58. hxg4 Nf2 59.
Nd7+ Kc4 60. Nf6 b3+ 61. Kb2 Nd1+ 62. Kb1 Nxe3 63. Kb2 Kb4 64. Kc1 Ka3 65. Kb1
b2 66. Ne4 Nxg4 67. Nd2 Ne3 68. Ne4 g4 69. Nc3 g3 70. Nb5+ Kb4 71. Nd4 g2 72.
Ne2 Ka3 73. Ng1 Nd5 0-1

[Event "FIDE TURNIR 2013"]
[Site "Ljubljana"]
[Date "2013.06.05"]
[Round "8.4"]
[White "Trcek, Alojzij"]
[Black "Pridigar, Lovro"]
[Result "1-0"]
[WhiteElo "1657"]
[BlackElo "1558"]
[PlyCount "49"]
[EventDate "2013.06.05"]

1. d4 d6 2. e4 Nf6 3. Bd3 Nbd7 4. f4 e5 5. Nf3 exd4 6. Nxd4 Nc5 7. Nc3 a5 8.
O-O c6 9. Nf3 Be7 10. h3 O-O 11. Be3 d5 12. e5 Nfd7 13. Kh1 b5 14. Ne2 f5 15.
exf6 Bxf6 16. Bxb5 cxb5 17. Qxd5+ Kh8 18. Qxa8 Qe7 19. Bxc5 Nxc5 20. Qxa5 Qxe2
21. Rfe1 Qf2 22. Qxb5 Bxh3 23. Re2 Bxg2+ 24. Kh2 Bxf3+ 25. Rxf2 1-0

[Event "FIDE TURNIR 2013"]
[Site "Ljubljana"]
[Date "2013.06.05"]
[Round "8.5"]
[White "Straze, Matija"]
[Black "Unuk, Robert"]
[Result "1-0"]
[WhiteElo "1588"]
[BlackElo "1458"]
[PlyCount "65"]
[EventDate "2013.06.05"]

1. e4 c5 2. c4 Nc6 3. Nf3 g6 4. d4 cxd4 5. Nxd4 Bg7 6. Be3 Nf6 7. Nc3 O-O 8.
Be2 d6 9. O-O Bd7 10. Rc1 a6 11. f3 e6 12. Qd2 Rc8 13. Nb3 Ne5 14. c5 dxc5 15.
Nxc5 Bc6 16. Rfd1 Qxd2 17. Rxd2 Rfd8 18. Rcd1 Rxd2 19. Rxd2 Bf8 20. Nb3 b5 21.
Bc5 Nc4 22. Bxc4 bxc4 23. Bxf8 cxb3 24. Be7 bxa2 25. Nxa2 Nd7 26. Nb4 Bb5 27.
Nxa6 Bxa6 28. Rxd7 Rc1+ 29. Kf2 Rc2+ 30. Kg3 Rxb2 31. Rd8+ Kg7 32. e5 Bf1 33.
Bf8+ 1-0

[Event "FIDE TURNIR 2013"]
[Site "Ljubljana"]
[Date "2013.06.05"]
[Round "8.6"]
[White "Milicevic, David"]
[Black "Vidic, Teja"]
[Result "0-1"]
[WhiteElo "1660"]
[BlackElo "1894"]
[PlyCount "64"]
[EventDate "2013.06.05"]

1. d4 Nf6 2. c4 e6 3. Nf3 d5 4. Nc3 c6 5. e3 Nbd7 6. a3 Bd6 7. c5 Bb8 8. b4 e5
9. b5 e4 10. bxc6 bxc6 11. Nd2 Nf8 12. Qa4 Qc7 13. Be2 Ng6 14. g3 h5 15. h4 O-O
16. Nf1 Ng4 17. Bxg4 Bxg4 18. Nh2 f5 19. Ne2 Qd7 20. Nxg4 fxg4 21. Nf4 Bxf4 22.
exf4 Rab8 23. Qc2 Rb5 24. Rb1 Qb7 25. Rxb5 Qxb5 26. Bd2 Rb8 27. Kd1 Ne7 28. Re1
Nf5 29. Be3 Qa5 30. a4 Qb4 31. Qd2 Qxa4+ 32. Ke2 Qc4+ 0-1

[Event "FIDE TURNIR 2013"]
[Site "Ljubljana"]
[Date "2013.06.17"]
[Round "8.7"]
[White "Jelen, Miha"]
[Black "Hrescak, Ivana"]
[Result "0-1"]
[WhiteElo "1544"]
[BlackElo "1786"]
[PlyCount "64"]
[EventDate "2013.06.05"]

1. e4 c5 2. c3 d5 3. exd5 Qxd5 4. d4 cxd4 5. cxd4 e5 6. Be3 exd4 7. Bxd4 Nc6 8.
Nf3 Nxd4 9. Nxd4 Bc5 10. Nb5 Bxf2+ 11. Ke2 Bg4+ 12. Kxf2 Qxd1 13. Nc7+ Kd8 14.
Nxa8 Qd4+ 15. Kg3 Qxb2 16. Kxg4 Qxa1 17. Bb5 Qd4+ 18. Kf3 Qd5+ 19. Kf2 Qxb5 20.
Rd1+ Ke7 21. Re1+ Kf8 22. Nd2 Qc5+ 23. Kf1 Nf6 24. Nb3 Qc4+ 25. Kg1 Qc8 26. Rc1
Qxa8 27. Nd4 Qd8 28. Nb5 Qb6+ 29. Kh1 Qxb5 30. Rc8+ Ke7 31. Rc7+ Kd6 32. Rc1
Rc8 0-1

[Event "FIDE TURNIR 2013"]
[Site "Ljubljana"]
[Date "2013.06.05"]
[Round "8.8"]
[White "Drobnic, Milan"]
[Black "Markosek, Maj"]
[Result "1/2-1/2"]
[WhiteElo "1789"]
[BlackElo "1656"]
[PlyCount "70"]
[EventDate "2013.06.05"]

1. d4 Nf6 2. c4 e6 3. Nf3 b6 4. g3 Bb7 5. Bg2 Be7 6. O-O O-O 7. Nc3 Ne4 8. Qc2
f5 9. Re1 Qc8 10. Bd2 Kh8 11. Rad1 d6 12. d5 Nxd2 13. Nxd2 e5 14. e4 f4 15.
gxf4 Rxf4 16. Ne2 Rf7 17. Nf1 Na6 18. a3 Qf8 19. Neg3 g6 20. Ne3 Qg7 21. Rf1
Raf8 22. b4 Bg5 23. Qd3 Bc8 24. Ne2 Qh6 25. Ng3 Rxf2 26. Nc2 R2f4 27. Ne2 R4f7
28. Rxf7 Rxf7 29. Rf1 Bf4 30. Nxf4 Rxf4 31. Rxf4 Qxf4 32. Ne1 Nb8 33. c5 bxc5
34. bxc5 dxc5 35. Qc3 Na6 1/2-1/2

[Event "FIDE TURNIR 2013"]
[Site "Ljubljana"]
[Date "2013.06.05"]
[Round "8.9"]
[White "Suljanovic, Zuhdija"]
[Black "More, Erlend"]
[Result "1-0"]
[WhiteElo "1926"]
[BlackElo "1646"]
[PlyCount "43"]
[EventDate "2013.06.05"]

1. e4 c6 2. Nf3 d5 3. exd5 cxd5 4. d4 Nf6 5. Bb5+ Nc6 6. Ne5 Bd7 7. Nxd7 Qxd7
8. O-O e6 9. c3 Be7 10. Be3 a6 11. Ba4 O-O 12. Qd3 Qc7 13. Bc2 g6 14. Nd2 e5
15. dxe5 Nxe5 16. Qd4 Bc5 17. Qxc5 Nc6 18. Qb6 Qxb6 19. Bxb6 Rfe8 20. Rfe1 Rac8
21. Rxe8+ Rxe8 22. Kf1 1-0

[Event "FIDE TURNIR 2013"]
[Site "Ljubljana"]
[Date "2013.06.05"]
[Round "8.10"]
[White "Korosec, Stefan"]
[Black "Sketa, Mark"]
[Result "1-0"]
[WhiteElo "1727"]
[BlackElo "1501"]
[PlyCount "105"]
[EventDate "2013.06.05"]

1. e4 c5 2. Nf3 Nc6 3. d4 cxd4 4. Nxd4 g6 5. Nc3 Bg7 6. Be3 e6 7. Bb5 Nge7 8.
O-O O-O 9. a3 a6 10. Ba4 b5 11. Bb3 Bb7 12. f3 f5 13. Qd2 Qc7 14. Rad1 f4 15.
Bf2 Kh8 16. Nde2 Rad8 17. Kh1 Na5 18. Bh4 Bf6 19. Bxf6+ Rxf6 20. Ng1 Nxb3 21.
cxb3 d5 22. exd5 Nxd5 23. Rc1 Ne3 24. Qe2 Nxf1 25. Qxf1 Qg7 26. Nh3 Rd2 27. Nd1
Rf5 28. Nhf2 Qd4 29. h3 Rc5 30. Rxc5 Qxc5 31. Qe1 Rd6 32. Qe2 Qd4 33. Kh2 Bd5
34. Qc2 Rc6 35. Nc3 a5 36. Qe2 Qe3 37. Qf1 Qb6 38. Qe2 Bxb3 39. Qe5+ Kg8 40.
Nfe4 Qc7 41. Qxb5 Bc4 42. Qg5 e5 43. Nf6+ Kh8 44. Ne8 Qf7 45. Qxe5+ Kg8 46. Nd6
Qe6 47. Nxc4 Qxc4 48. Qxa5 Rc5 49. Qd8+ Kg7 50. Qe7+ Kg8 51. Ne4 Rc7 52. Nf6+
Kh8 53. Qf8+ 1-0

[Event "FIDE TURNIR 2013"]
[Site "Ljubljana"]
[Date "2013.06.15"]
[Round "8.11"]
[White "Bojko, Filip"]
[Black "Subelj, Jan"]
[Result "1-0"]
[WhiteElo "1509"]
[BlackElo "1503"]
[PlyCount "174"]
[EventDate "2013.06.05"]

1. e4 e5 2. Nf3 Nc6 3. Bb5 a6 4. Bxc6 dxc6 5. Nc3 Bg4 6. h3 Bxf3 7. Qxf3 Nf6 8.
d3 Bb4 9. Bg5 Qd4 10. Bd2 O-O-O 11. Qf5+ Kb8 12. a3 Ba5 13. O-O Bb6 14. Be3 Qd6
15. Bxb6 cxb6 16. Rfd1 Rhe8 17. Ne2 Qd7 18. Qg5 Re6 19. f4 exf4 20. Nxf4 h6 21.
Qxg7 Rg8 22. Qxh6 Qd4+ 23. Kh1 Nxe4 24. Nxe6 Nf2+ 25. Kg1 fxe6 26. c3 Nxh3+ 27.
Kh2 Qe5+ 28. Kxh3 Rh8 29. Qxh8+ Qxh8+ 30. Kg3 Qg7+ 31. Kf2 Qg4 32. Kg1 Qe2 33.
Rab1 Qc2 34. d4 Kc7 35. Rdc1 Qd3 36. Re1 Kd7 37. Rbc1 Qd2 38. Rb1 Kd6 39. Kh1
Qc2 40. Rec1 Qf2 41. Rf1 Qh4+ 42. Kg1 Qe4 43. Rbe1 Qg6 44. Rf2 Qg3 45. Rfe2 Kd5
46. Rxe6 Kc4 47. R6e3 Qg6 48. Re4 Kb3 49. R1e2 Qh6 50. d5 cxd5 51. Re6 Qc1+ 52.
Re1 Qd2 53. Rxb6+ Ka2 54. Rbe6 d4 55. R6e2 Qd3 56. cxd4 Qxd4+ 57. Re3 Kxb2 58.
R1e2+ Kc1 59. Kf1 Qf4+ 60. Rf3 Qc4 61. Rff2 a5 62. Kg1 Kd1 63. Ra2 Qd4 64. Ra1+
Qxa1 65. Rf1+ Kc2 66. Rxa1 Kb2 67. Rd1 Kxa3 68. Ra1+ Kb2 69. Rxa5 Kc3 70. Rb5
Kd4 71. Rxb7 Ke5 72. Rd7 Kf4 73. Re7 Kf5 74. Kf2 Kg4 75. Re4+ Kf5 76. Ra4 Kg5
77. Kf3 Kf5 78. Ra5+ Kg6 79. Kf4 Kh6 80. g4 Kg6 81. Ra6+ Kg7 82. Kf5 Kh7 83. g5
Kg7 84. Ra7+ Kf8 85. Ke6 Kg8 86. Kf6 Kh8 87. Kg6 Kg8 1-0

[Event "FIDE TURNIR 2013"]
[Site "Ljubljana"]
[Date "2013.06.05"]
[Round "8.13"]
[White "Piciga, Aleksander"]
[Black "Sivcevic, Nusret"]
[Result "0-1"]
[WhiteElo "1368"]
[BlackElo "1840"]
[PlyCount "132"]
[EventDate "2013.06.05"]

1. e4 e6 2. d4 b6 3. Nc3 Bb7 4. g3 Bb4 5. Bg2 Nf6 6. Qd3 Ba6 7. Qe3 d5 8. e5
Nfd7 9. a3 Bxc3+ 10. bxc3 c5 11. Ne2 Nc6 12. Bb2 Na5 13. Rb1 Qc7 14. Qg5 O-O
15. Qe7 Rfe8 16. Qd6 Qb7 17. Ba1 Nc4 18. Qxd5 Qxd5 19. Bxd5 exd5 20. Nf4 Nxa3
21. Rc1 Nxe5 22. dxe5 Rxe5+ 23. Kd1 Nc4 24. Re1 Rae8 25. Rxe5 Rxe5 26. Nd3 Re7
27. Nb2 Bc8 28. Nxc4 dxc4 29. Kd2 Bf5 30. f3 Rd7+ 31. Ke3 g5 32. g4 Bg6 33. Ke2
Kf8 34. Rd1 Ke7 35. Rxd7+ Kxd7 36. Kd1 Kc6 37. Bb2 f5 38. h3 f4 39. Ba3 Kd5 40.
Kd2 Kc6 41. Kc1 Kb5 42. Kb2 Ka4 43. Ka2 Bxc2 44. Bc1 Bd1 45. Kb2 Bxf3 46. h4 h6
47. hxg5 hxg5 48. Bd2 Bxg4 49. Be1 Be2 50. Ka2 g4 51. Bd2 f3 52. Be1 Kb5 53.
Ka3 Kc6 54. Ka4 Bd1+ 55. Ka3 a5 56. Kb2 b5 57. Kc1 b4 58. Kxd1 b3 59. Kc1 a4
60. Kb2 Kd5 61. Bf2 Ke4 62. Bxc5 g3 63. Ka3 Kd3 64. Kb2 a3+ 65. Kxa3 Kc2 66.
Kb4 b2 0-1

[Event "FIDE TURNIR 2013"]
[Site "Ljubljana"]
[Date "2013.06.05"]
[Round "8.14"]
[White "Kamensek, Ivan"]
[Black "Bogataj, Tomaz"]
[Result "1-0"]
[WhiteElo "1725"]
[BlackElo "1723"]
[PlyCount "115"]
[EventDate "2013.06.05"]

1. d4 Nf6 2. c4 g6 3. Nc3 Bg7 4. e4 d6 5. Be2 Nbd7 6. Bg5 O-O 7. Nf3 e5 8. dxe5
Nxe5 9. Nxe5 dxe5 10. Qxd8 Rxd8 11. Nd5 Rd6 12. Bxf6 Bxf6 13. Nxc7 Rb8 14. Nd5
Bd8 15. O-O Be6 16. Rfd1 Rc6 17. b3 a5 18. Rd3 f6 19. Rad1 Bxd5 20. Rxd5 Bb6
21. Rb5 Bc7 22. Kf1 b6 23. Rbd5 Re8 24. Rd7 Ree6 25. R7d5 Red6 26. Bd3 Bd8 27.
Ke2 Be7 28. g3 Kf7 29. f4 exf4 30. gxf4 Re6 31. Kf3 Bc5 32. f5 Re7 33. h4 Rc8
34. Re1 Rg8 35. e5 g5 36. e6+ Kf8 37. hxg5 Rxg5 38. Rh1 Ke8 39. Rh6 Reg7 40.
Bf1 Rg1 41. Ke2 R7g3 42. Rxh7 Re3+ 43. Kd2 Rf3 44. Rh8+ Bf8 45. Bd3 Rg2+ 46.
Kc3 Rxa2 47. Rb5 Ra1 48. Rxb6 Rd1 49. Rb8+ Ke7 50. Rh7+ Kd6 51. Rd7+ Ke5 52.
Rxf8 Rf2 53. Rd5+ Kf4 54. e7 Kg5 55. e8=Q Rc1+ 56. Kd4 Rf4+ 57. Kc5 a4 58. Qg6+
1-0

[Event "FIDE TURNIR 2013"]
[Site "Ljubljana"]
[Date "2013.06.05"]
[Round "8.15"]
[White "Krejic, Nik"]
[Black "Kovacic, Marko"]
[Result "1-0"]
[WhiteElo "1603"]
[BlackElo "1612"]
[PlyCount "93"]
[EventDate "2013.06.05"]

1. d4 d5 2. c4 dxc4 3. Nf3 a6 4. e3 b5 5. a4 c6 6. axb5 cxb5 7. b3 Bb7 8. bxc4
bxc4 9. Bxc4 e6 10. O-O Nf6 11. Qe2 Bd6 12. Ba3 O-O 13. Nbd2 Qe7 14. Bxd6 Qxd6
15. Ra2 Nd5 16. Bxd5 Bxd5 17. Rc2 Nd7 18. Rfc1 Rfb8 19. Nc4 Qf8 20. Nce5 Nxe5
21. Nxe5 Rb7 22. Rc7 Rxc7 23. Rxc7 f6 24. Nc6 a5 25. Ne7+ Kh8 26. Qh5 Be4 27.
f3 g6 28. Qh4 Bd3 29. e4 Qg7 30. Nd5 g5 31. Qh3 exd5 32. Rxg7 Kxg7 33. Qd7+ Kh6
34. Qxd5 Ra6 35. e5 fxe5 36. dxe5 Bf5 37. Qb5 Bc8 38. Qe8 Bf5 39. g4 Bd3 40.
Qh5+ Kg7 41. Qxg5+ Bg6 42. Qe7+ Bf7 43. Qb7 Re6 44. f4 h6 45. Qc7 Rg6 46. h3 h5
47. f5 1-0

[Event "FIDE TURNIR 2013"]
[Site "Ljubljana"]
[Date "2013.06.16"]
[Round "8.16"]
[White "Ocepek, Jan"]
[Black "Cerne, Peter"]
[Result "1-0"]
[WhiteElo "1500"]
[BlackElo "1417"]
[PlyCount "49"]
[EventDate "2013.06.05"]

1. e4 e5 2. Nf3 Nc6 3. Bb5 a6 4. Bxc6 dxc6 5. O-O Bd6 6. Nc3 Nf6 7. Re1 O-O 8.
h3 b6 9. d4 Re8 10. dxe5 Bxe5 11. Qxd8 Rxd8 12. Nxe5 Re8 13. Nxc6 Bb7 14. Nd4
c5 15. Nf3 Nxe4 16. Nxe4 Rad8 17. Bf4 Bxe4 18. Re2 b5 19. Rae1 f5 20. Nd2 Kf7
21. Nxe4 Rxe4 22. Rxe4 fxe4 23. Rxe4 Rd1+ 24. Kh2 Rc1 25. Bxc1 1-0

[Event "FIDE TURNIR 2013"]
[Site "Ljubljana"]
[Date "2013.06.05"]
[Round "8.17"]
[White "Siraj, Anej"]
[Black "Novakovic, Gosto"]
[Result "0-1"]
[WhiteElo "1460"]
[BlackElo "1819"]
[PlyCount "92"]
[EventDate "2013.06.05"]

1. e4 c5 2. Nf3 e6 3. d4 d6 4. d5 Nf6 5. Nc3 Be7 6. Bc4 e5 7. O-O O-O 8. Be3 a6
9. a4 Bg4 10. h3 Bh5 11. Be2 Bg6 12. Nh4 Bxe4 13. Nxe4 Nxe4 14. Nf5 Nd7 15.
Nxe7+ Qxe7 16. Qd3 Nef6 17. a5 h6 18. c4 Rab8 19. Rfe1 Rfe8 20. Bd1 Nf8 21. Bd2
Ng6 22. Ba4 Red8 23. b3 Nh5 24. Qf3 Nf6 25. Qg3 Nh7 26. Qd3 Qf8 27. Qf5 Ne7 28.
Qe4 f5 29. Qe2 Nf6 30. f4 e4 31. b4 cxb4 32. Bxb4 Qf7 33. Rad1 Kh7 34. Qb2 Nh5
35. Qf2 Ng6 36. Qb6 Qf6 37. Rf1 Nhxf4 38. Bd2 Nd3 39. Bc2 Nge5 40. Bc3 Qg5 41.
Bd2 Qg3 42. Rxf5 Nxc4 43. Qd4 Nxd2 44. Bxd3 exd3 45. Rf7 Rf8 46. Rd7 Nf3+ 0-1

[Event "FIDE TURNIR 2013"]
[Site "Ljubljana"]
[Date "2013.06.16"]
[Round "8.18"]
[White "Malkoc, Tilen"]
[Black "Trplan, Filip"]
[Result "1-0"]
[WhiteElo "1337"]
[BlackElo "1324"]
[PlyCount "109"]
[EventDate "2013.06.05"]

1. e4 d6 2. d4 Nf6 3. Nc3 g6 4. Be3 Bg7 5. h3 b6 6. d5 Bb7 7. Bd3 O-O 8. Nge2
c6 9. dxc6 Nxc6 10. O-O Qd7 11. Bb5 Rfc8 12. Nd5 Qd8 13. Nxf6+ Bxf6 14. c3 Bg7
15. Nd4 Qf8 16. Nxc6 Bxc6 17. Bxc6 Rxc6 18. f3 Rac8 19. Bd4 Bxd4+ 20. Qxd4 Rc4
21. Qd3 R8c7 22. Rfe1 Qc8 23. Rad1 b5 24. e5 dxe5 25. Qd8+ Qxd8 26. Rxd8+ Kg7
27. Rxe5 b4 28. Re3 e6 29. Rdd3 bxc3 30. Rxc3 Rxc3 31. Rxc3 Rxc3 32. bxc3 Kf6
33. Kf2 Ke5 34. Ke3 Kd5 35. Kd3 Kc5 36. c4 f5 37. f4 h6 38. g3 h5 39. h4 a5 40.
a3 a4 41. Kc3 Kc6 42. Kb4 Kb6 43. Kxa4 Ka6 44. Kb4 Kb6 45. c5+ Kc6 46. Kc4 Kc7
47. a4 Kc6 48. a5 Kb7 49. Kb5 Kc7 50. a6 Kb8 51. Kb6 Ka8 52. c6 Kb8 53. a7+ Ka8
54. c7 e5 55. c8=R# 1-0

[Event "FIDE TURNIR 2013"]
[Site "Ljubljana"]
[Date "2013.06.05"]
[Round "8.19"]
[White "Drobnic, Simona"]
[Black "Drobnic, Rok"]
[Result "1/2-1/2"]
[WhiteElo "1347"]
[BlackElo "1235"]
[PlyCount "34"]
[EventDate "2013.06.05"]

1. d4 Nf6 2. c4 e6 3. Nc3 d5 4. cxd5 exd5 5. Bg5 Be7 6. Qb3 c6 7. e3 h6 8. Bf4
Nbd7 9. Nf3 Nb6 10. Bd3 Be6 11. O-O O-O 12. Na4 Nfd7 13. Nxb6 Nxb6 14. a4 a5
15. Qc3 Nd7 16. Bc2 Nf6 17. Qd3 Re8 1/2-1/2

[Event "FIDE TURNIR 2013"]
[Site "Ljubljana"]
[Date "2013.06.05"]
[Round "8.20"]
[White "Marn, Jan"]
[Black "Straze, Jurij"]
[Result "0-1"]
[WhiteElo "1384"]
[BlackElo "1353"]
[PlyCount "118"]
[EventDate "2013.06.05"]

1. e4 e5 2. Nf3 Nc6 3. Bc4 h6 4. d4 exd4 5. Nxd4 Nf6 6. Nxc6 bxc6 7. Nc3 Bb4 8.
Qd3 O-O 9. Bd2 Re8 10. f3 Rb8 11. O-O Bc5+ 12. Kh1 Bb6 13. Rae1 Bb7 14. e5 Nh7
15. Bxf7+ Kxf7 16. Qxh7 Qh4 17. Qf5+ Kg8 18. Re4 Qe7 19. Qg6 Qe6 20. Qxe6+ Rxe6
21. f4 c5 22. Ree1 Rg6 23. Ne4 Bd5 24. f5 Rg4 25. Ng3 Ra4 26. a3 Ba5 27. Bxa5
Rxa5 28. Rd1 c6 29. Rb1 Ba2 30. Rbd1 Bd5 31. Rb1 c4 32. c3 Rab5 33. Rf2 Re8 34.
Re1 Bf7 35. Ree2 Rbxe5 36. Rd2 Re1+ 37. Rf1 Rxf1+ 38. Nxf1 Bd5 39. h3 Re7 40.
Kh2 Be4 41. Ng3 Bd3 42. Rf2 Kf7 43. h4 Re5 44. Kh3 d6 45. Kh2 Kf6 46. Nh5+ Kf7
47. g4 Re3 48. Nf4 g5 49. hxg5 hxg5 50. Nxd3 cxd3 51. Kg2 c5 52. c4 Re4 53. Kf3
Rxc4 54. Rd2 Rd4 55. b3 a6 56. Kg3 d5 57. Kf3 c4 58. bxc4 dxc4 59. Ke3 Rxg4 0-1

[Event "FIDE TURNIR 2013"]
[Site "Ljubljana"]
[Date "2013.06.19"]
[Round "9.1"]
[White "Bratkovic, Jakob"]
[Black "Straze, Matija"]
[Result "1-0"]
[WhiteElo "1949"]
[BlackElo "1588"]
[PlyCount "57"]
[EventDate "2013.06.19"]

1. e4 e5 2. Nf3 Nc6 3. Bb5 Nge7 4. Nc3 g6 5. d4 exd4 6. Nd5 Bg7 7. Bg5 h6 8.
Bf6 Bxf6 9. Nxf6+ Kf8 10. Nxd4 Nf5 11. exf5 Qxf6 12. Bxc6 dxc6 13. fxg6 Qxg6
14. Qd2 Kg7 15. O-O-O Rd8 16. Qe3 Qg5 17. f4 Qf6 18. g4 Kh8 19. Rhg1 Bd7 20. g5
hxg5 21. Rxg5 Re8 22. Qf3 Kh7 23. Qh5+ Qh6 24. Qxf7+ Kh8 25. Rh5 Qxh5 26. Qxh5+
Kg7 27. Rg1+ Bg4 28. Qxg4+ Kf7 29. Qg7# 1-0

[Event "FIDE TURNIR 2013"]
[Site "Ljubljana"]
[Date "2013.06.19"]
[Round "9.2"]
[White "Bratkovic, Sham"]
[Black "Trcek, Alojzij"]
[Result "1-0"]
[WhiteElo "1956"]
[BlackElo "1657"]
[PlyCount "107"]
[EventDate "2013.06.19"]

1. e4 e5 2. Nf3 Nc6 3. Bc4 d6 4. O-O Be7 5. c3 Nf6 6. Re1 Be6 7. Bxe6 fxe6 8.
Qb3 Qc8 9. d4 exd4 10. cxd4 O-O 11. Nc3 Na5 12. Qb5 b6 13. e5 dxe5 14. Qxe5 Bd6
15. Qxe6+ Qxe6 16. Rxe6 Rae8 17. Rxe8 Rxe8 18. Bg5 Kf7 19. Re1 Rxe1+ 20. Nxe1
Bb4 21. Bxf6 gxf6 22. Nd3 Bd6 23. Nb5 a6 24. Nxd6+ cxd6 25. Nb4 Ke6 26. f3 Nc4
27. b3 Ne3 28. Kf2 Nf5 29. Nc2 Ne7 30. Ne3 d5 31. Nc2 a5 32. g3 Nf5 33. g4 Nd6
34. Ke3 h6 35. Ne1 b5 36. Nd3 Ne8 37. Nc5+ Ke7 38. Kf4 Nd6 39. h4 Kf7 40. g5
fxg5+ 41. hxg5 h5 42. Nd3 b4 43. Ke5 Nb5 44. Kxd5 Nc3+ 45. Ke5 h4 46. d5 Nxa2
47. d6 h3 48. Nf2 a4 49. d7 Ke7 50. g6 Nc1 51. g7 Kxd7 52. g8=Q h2 53. Qh7+ Kc6
54. Qc2+ 1-0

[Event "FIDE TURNIR 2013"]
[Site "Ljubljana"]
[Date "2013.06.19"]
[Round "9.3"]
[White "Hrescak, Ivana"]
[Black "Sajn, Simon"]
[Result "1/2-1/2"]
[WhiteElo "1786"]
[BlackElo "2045"]
[PlyCount "128"]
[EventDate "2013.06.19"]

1. d4 Nf6 2. c4 d6 3. Nc3 g6 4. e4 Bg7 5. f3 O-O 6. Be3 Nc6 7. Nge2 a6 8. Qd2
Rb8 9. g4 b5 10. Ng3 e5 11. d5 Nd4 12. Qf2 Bxg4 13. Bxd4 exd4 14. Nce2 d3 15.
Nd4 Bd7 16. Bxd3 Qe8 17. cxb5 Nxd5 18. bxa6 Nf4 19. Bf1 c5 20. Nb3 Be6 21. Qd2
Be5 22. Ne2 Qa4 23. Nxf4 Rxb3 24. Nd3 Bd4 25. Qd1 Qa5+ 26. Qd2 Qa4 27. Qd1 Bxb2
28. axb3 Bc3+ 29. Ke2 Qxa1 30. Qxa1 Bxa1 31. Bh3 Bd4 32. Bxe6 fxe6 33. b4 c4
34. Nf2 Rb8 35. Rb1 Kf7 36. Ng4 c3 37. Kd3 e5 38. h3 h5 39. Nh2 Rb5 40. Kc4 Rb8
41. Nf1 c2 42. Rc1 Rc8+ 43. Kd3 Rc3+ 44. Ke2 Rb3 45. Rxc2 Rxb4 46. a7 Ra4 47.
Rc7+ Kf6 48. Rd7 Bc5 49. Nd2 Rxa7 50. Rxa7 Bxa7 51. Nc4 Ke6 52. Ne3 Bxe3 53.
Kxe3 g5 54. Kd3 d5 55. exd5+ Kxd5 56. Ke3 Ke6 57. Ke4 Kf6 58. Kd3 Kf5 59. Ke3
h4 60. Ke2 Kf4 61. Kf2 Kf5 62. Ke3 Kf6 63. Ke4 Ke6 64. Kd3 Kf5 1/2-1/2